| 000 | 01205nmm a2200301 a 4500 | ||
|---|---|---|---|
| 001 | ocm0002146640 | ||
| 003 | TR-IsHL | ||
| 005 | 20201028183432.0 | ||
| 008 | 190402s2013 tu tur | ||
| 007 | cr cn | ||
| 020 | _a9786054627257 | ||
| 035 |
_a2146640 _b(N$T) |
||
| 050 | 0 | 4 |
_aTF9.A33 _bD46 2013 |
| 090 | 0 | 4 |
_aTF9.A33 _bD46 2013 |
| 100 | 1 | _aAhi, Türker | |
| 245 | 1 | 0 |
_aDemiyolları(raylı sistemler) ve intermodal lojistik için resimli ve açıklamalı teknik terimler sözlüğü : _bSpecialist technical terms in common use upon railways and intermodal logistics with illustrations and jargons explained _h[electronic resource] / _cTürker Ahi |
| 260 |
_aAnkara : _bSiyasal Kitabevi, _c2013 |
||
| 300 | _a463 p. | ||
| 500 | _aKaynakça ve dizin var. | ||
| 650 | 4 | _aMühendislik ve Teknoloji | |
| 650 | 4 | _aEngineering and Technology | |
| 650 | 0 |
_aDemiryolları _x Sözlükler |
|
| 650 | 0 |
_aRailroads _x Dictionaries |
|
| 650 | 0 |
_aLojistik _x Demiryolu _x Sözlükler |
|
| 650 | 0 |
_aLogistics _x Railway _x Dictionaries |
|
| 650 | 7 |
_aREFERENCE / Dictionaries _2bisacsh |
|
| 856 | 4 | 0 | _uhttp://search.ebscohost.com/login.aspx?direct=true&scope=site&db=e011xww&AN=2146640 |
| 999 |
_c20537 _d20537 |
||